Responses for Show #8729 - Thursday, October 27, 2022

2022 Second Chance competition week 2, final game 1.

Contestants

[<< previous game]

Sadie Goldberger, an interpreter from Columbia, Maryland

Jack Weller, a law student originally from San Diego, California

Rowan Ward, a chart caller, writer, and editor from Chicago, Illinois

[next game >>]

Jeopardy! Round responses

ANOTHER SHOT AT THE TITLE
THE ANIMAL KINGDOM
BRING ME A SOUVENIR!
WORDS & PHRASES: IMMEDIATELY!
WHICH CABINET DEPARTMENT?
RADCLIFFE COLLEGE
    $200 30
Wimbledon

Sadie
    $200 24
shrew

rowan
    $200 26
a cat

Sadie
    $200 28
the double

rowan
    $200 29
(Ken: Now, it's time for [*].)

Homeland Security

rowan
    $200 22
Harvard

rowan
    $400 27
(rowan: Who are the Cavaliers?)
(Ken: No.)
(rowan: [*] Cavaliers?)
(Ken: Okay, Rowan, I had already ruled no by the time you corrected your answer to [*] Cavaliers, so we're not gonna give you credit.)

Cleveland

rowan
Triple Stumper
    $400 20
octopus

rowan
    $400 25
a Panama hat

Jack
    $400 23
tout de suite

Sadie
    $400 18
Agriculture

rowan
    $400 21
Stockard Channing

Jack
    $600 14
the New York Yankees

rowan
    $600 19
(rowan: What is a rhea?)

an emu

rowanJack
    $600 16
a yurt

rowan
    $600 15
It's now or never

rowan
    $600 17
(rowan: What is Homeland Security?)

Department of Defense

rowanJack
    $600 11
(Anne) Sullivan

rowan
    $800 13
(Jack: Who is Frazier?)

George Foreman

rowanJack
    $3,800 6
giraffes

rowan
    $800 12
(rowan: What are beads?)
(Ken: More specifically?)
(rowan: What is a rosary?)
(Jack: What are prayer beads?)

worry beads

rowanJack
Triple Stumper
    $800 8
chop-chop

rowan
    $800 4
Energy

rowan
    $800 10
(Sadie: What is oncology?)

pediatric cardiology

Sadie
Triple Stumper
    $1000 1
the Montreal Canadiens

rowan
    $1000 2
(Ken: Yes, Rh factor.)

Rhesus

rowan
    $1000 5
a Claddagh ring

rowan
    $1000 7
straightaway

rowan
    $1000 3
Department of the Interior

Jack
    $1000 9
the 19th

Jack

Scores at the first commercial break (after clue 15):

rowan Jack Sadie
$11,200 $400 -$800

Scores at the end of the Jeopardy! Round:

rowan Jack Sadie
$11,800 $2,400 $0

Double Jeopardy! Round responses

OCTOBERFEST
THE SECOND CHAPTER
(Ken: You'll have to name the literary work.)
LAKES & RIVERS
3 CONSONANTS IN A ROW
LEARNED LEAGUES
DANIEL RADCLIFFE COLLAGE
(Daniel: I'm Daniel Radcliffe with clues about my career that's included stage dramas, musicals, and biopics.)
    $400 28
(Sadie: Who is Sandra Day O'Connor?)

Ruth Bader Ginsburg

JackSadie
    $400 29
[rowan does not include the leading article.]

The Catcher in the Rye

rowan
    $400 27
the Seine

rowan
    $400 30
contractor

Sadie
    $400 25
Prometheus

rowan
    $400 26
(Ken: Our thanks to Daniel; you can watch him take on the title role in Weird: The Al Yankovic Story, streaming November 4 on The Roku Channel. Who knows, maybe he'll sing "I Lost On Jeopardy"?)

Yankovic

rowan
    $800 18
the Hoover Dam

rowan
    $8,000 3
(rowan: [Sighs] What is James and the Giant Peach? [Laughs] I don't know.)
(Ken: No, Ralph is one of the castaways in [*].)

Lord of the Flies

rowan
    $800 14
the Nile

rowan
    $800 21
an anachronism

Sadie
    $800 24
mortarboard

rowan
    $800 23
Rosencrantz and Guildenstern Are Dead

rowan
    $1200 9
Greenwich

rowan
    $1200 2
[rowan does not include the leading article.]

The Hound of the Baskervilles

rowan
    $1200 13
the Río de la Plata

rowan
    $1200 20
a strait

Jack
    $1200 11
the PSAT

Jack
    $1200 22
Ginsberg

Jack
    $1600 7
the Stamp Act

rowan
    $1600 1
(Ken: Those were the Lilliputians seeing Gulliver in [*].)

Gulliver's Travels

Triple Stumper
    $1600 12
Lake Louise

Triple Stumper
    $1600 19
(Ken: Yes, you have passed the [*] test.)
(rowan: I am human.)

CAPTCHA

rowan
    $1600 10
(Ken: Yes, for LL.)

llamas

rowan
    $1600 17
How to Succeed in Business Without Really Trying

Sadie
    $2000 6
[rowan does not include the leading article.]

The War of the Worlds

rowan
    $2000 15
Song of Solomon

Sadie
    $5,000 4
the Volga

rowan
    $2000 16
sprout

rowan
    $2000 5
Phi Beta Kappa

rowan
    $2000 8
David Copperfield

rowan

Scores at the end of the Double Jeopardy! Round:

rowan Jack Sadie
$30,000 $6,400 $4,400

Final Jeopardy! Round responses

AMERICAN COMPOSERS
(Ken: [To Sadie] And you didn't take time to write the first name... [*], a ragtime opera.)
SadieWho is Joplin?
$400
JackWho was Gershwin?
$3,000
rowanWho is Joplin???
$0
(Scott) Joplin

Final scores:

rowan Jack Sadie
$30,000 $3,400 $4,800

Game dynamics:

Coryat scores:

rowan Jack Sadie
$32,000 $6,400 $4,400
37 R
(including 2 DDs),
5 W
(including 1 DD)
10 R,
2 W
7 R,
2 W

Combined Coryat: $42,800

[game clues] [game scores] [suggest correction]

Game tape date: 2022-09-15
The J! Archive is created by fans, for fans. Scraping, republication, monetization, and malicious use prohibited; this site may use cookies and collect identifying information. See terms. The Jeopardy! game show and all elements thereof, including but not limited to copyright and trademark thereto, are the property of Jeopardy Productions, Inc. and are protected under law. This website is not affiliated with, sponsored by, or operated by Jeopardy Productions, Inc. Join the discussion at JBoard.tv.